| 000 | 01165nam a22002657a 4500 | ||
|---|---|---|---|
| 005 | 20170123164152.0 | ||
| 010 | _aB-094896 | ||
| 020 |
_c100.00 _a8171433715 |
||
| 035 | _aB-094896 | ||
| 037 | _bCen Lib / Ret | ||
| 040 |
_aDPL _bPN |
||
| 082 |
_a850.8 _bਸੰਧੂਰੁ |
||
| 100 |
_aਸੰਧੂ, ਰੁਪਿੰਦਰਪਾਲ ਸਿੰਘ _984796 |
||
| 245 |
_aਸਮਕਾਲੀ ਗਲਪ-ਦ੍ਰਿਸ਼ਟੀ / _cਰੁਪਿੰਦੇਰਪਾਲ ਸਿੰਘ ਸੰਧੂ |
||
| 246 |
_aSamkaali galap drishti / _bby Rupinderpal Singh Sandhu |
||
| 260 |
_aਅੰਮ੍ਰਿਤਸਰ _bਰਾਵੀ ਸਾਹਿਤ ਪ੍ਰਕਾਸ਼ਨ _c2004 |
||
| 270 |
_aਹਾਲ ਬਾਜ਼ਾਰ _b ਅੰਮ੍ਰਿਤਸਰ |
||
| 300 |
_a80p. _c21cm(pbk) |
||
| 650 |
_a ਪੰਜਾਬੀ ਸਾਹਿਤ _9128492 |
||
| 650 |
_aਪੰਜਾਬੀ ਕਹਾਣੀਆਂ _9128493 |
||
| 650 |
_aਪੰਜਾਬੀ - ਸਾਹਿਤ _9128494 |
||
| 650 |
_aPunjabi Literature -- criticism _97006 |
||
| 650 |
_aਪੰਜਾਬੀ ਸਾਹਿਤ -- ਆਲੋਚਨਾ _9128495 |
||
| 942 |
_2ddc _cPN _h850.8 _mਸੰਧੂਰੁ |
||
| 999 |
_c110391 _d110391 |
||